000 00421nam a2200157Ia 4500
008 210707s1984 xx 000 0 und d
041 _aeng
082 _a001.64 GORC
100 _aGORE (Marvin R) and STUBBE (John W)
245 _aComputers and information systems.
250 _a2
260 _aNY
_bMcGraw-Hill Book Co.
_c1984
300 _axix,504 p
650 _aComputer Science
906 _aInformation systems
999 _c180461
_d180461